[Event "292nd YMCA Autumn A"]
[Site "Warsaw"]
[Date "2024.10.18"]
[Round "4"]
[White "Mazurek, Jerzy"]
[Black "Kaniak, Monika"]
[Result "1-0"]
[WhiteElo "1890"]
[BlackElo "1862"]
[PlyCount "63"]
[EventDate "2024.09.27"]
[EventType "tourn"]
[EventRounds "1"]
[EventCountry "POL"]
[SourceDate "2024.09.29"]

1. d4 d5 2. c4 c6 3. Nf3 Nf6 4. Qb3 dxc4 5. Qxc4 b5 6. Qc2 g6 7. e4 Bb7 8. Bd3
Bg7 9. O-O O-O 10. Nbd2 Na6 11. a3 Qb6 12. b4 Rfd8 13. Nb3 Rac8 14. Bf4 Nh5 15.
Be3 Qc7 16. Na5 Ba8 17. Rac1 Qd7 18. Rfd1 Nf6 19. Ne5 Qc7 20. Qb3 e6 21. Nexc6
Rf8 22. Bxb5 Nb8 23. d5 Nxc6 24. Nxc6 Rb8 25. Nxb8 Qxb8 26. Bc6 Nxe4 27. Bxa8
Qxa8 28. f3 Nf6 29. dxe6 fxe6 30. Qxe6+ Kh8 31. Bd4 a5 32. b5 1-0

[Event "292nd YMCA Autumn A"]
[Site "Warsaw"]
[Date "2024.10.15"]
[Round "4"]
[White "Kasperkiewicz, Pawel"]
[Black "Borowy, Cezary"]
[Result "1/2-1/2"]
[WhiteElo "1858"]
[BlackElo "2007"]
[PlyCount "108"]
[EventDate "2024.09.27"]
[EventType "tourn"]
[EventRounds "1"]
[EventCountry "POL"]
[SourceDate "2024.09.29"]

1. e4 d5 2. exd5 Qxd5 3. Nc3 Qd6 4. d4 Nf6 5. Nf3 g6 6. Nb5 Qb6 7. c4 c6 8. Nc3
Bg7 9. Be2 O-O 10. O-O Bg4 11. b3 Rd8 12. Be3 Qa5 13. Qc1 c5 14. d5 Bf5 15. Bd2
Nbd7 16. h3 Nf8 17. Re1 Qb6 18. Bf1 Re8 19. Bh6 Bh8 20. Qd2 Ne4 21. Nxe4 Bxe4
22. Rad1 Bxf3 23. gxf3 e6 24. d6 Bd4 25. Qf4 Nd7 26. b4 e5 27. bxc5 Qxc5 28.
Qd2 Qxd6 29. Be3 Rad8 30. f4 Qc7 31. Bxd4 exd4 32. Qxd4 Rxe1 33. Rxe1 Nc5 34.
Qe5 Qxe5 35. fxe5 Kf8 36. Bg2 Rd2 37. Bd5 Rxa2 38. Rb1 b6 39. Kg2 Re2 40. Ra1
a5 41. Rb1 Nd7 42. e6 fxe6 43. Bc6 Ne5 44. Rxb6 Nxc6 45. Rxc6 Rc2 46. Rxe6 Rxc4
47. Ra6 Ra4 48. Ra7 h5 49. Kg3 Ra1 50. Kg2 a4 51. Kh2 a3 52. Kg2 Ke8 53. Kh2
Kd8 54. Ra6 a2 1/2-1/2

[Event "292nd YMCA Autumn A"]
[Site "Warsaw"]
[Date "2024.10.18"]
[Round "4"]
[White "Zysko, Jan"]
[Black "Lewandrowski, Tomasz"]
[Result "1-0"]
[WhiteElo "2112"]
[BlackElo "1954"]
[PlyCount "75"]
[EventDate "2024.09.27"]
[EventType "tourn"]
[EventRounds "1"]
[EventCountry "POL"]
[SourceDate "2024.09.29"]

1. e4 c5 2. Nf3 Nc6 3. Bb5 Nf6 4. Nc3 g6 5. e5 Ng4 6. Bxc6 dxc6 7. h3 Nh6 8. g4
Bg7 9. d3 f6 10. Qe2 O-O 11. Bf4 Nf7 12. Qe3 b6 13. O-O-O fxe5 14. Nxe5 Bb7 15.
Rde1 Qd4 16. Rhf1 Rad8 17. Nf3 Qxe3+ 18. fxe3 e5 19. Bg3 Bc8 20. Bh4 Rde8 21.
Ne4 Re6 22. b3 h6 23. Kd2 a5 24. a4 Rfe8 25. Ke2 Nd6 26. Nfd2 Ba6 27. Rf3 Rf8
28. Rxf8+ Bxf8 29. Rf1 Ne8 30. Bd8 b5 31. Bxa5 c4 32. bxc4 bxc4 33. Nxc4 c5 34.
Bc3 Bxc4 35. dxc4 Ra6 36. a5 Nd6 37. Nxd6 Bxd6 38. Rf6 1-0

[Event "292nd YMCA Autumn A"]
[Site "Warsaw"]
[Date "2024.11.15"]
[Round "5"]
[White "Lewandrowski, Tomasz"]
[Black "Gluszko, Monika"]
[Result "1-0"]
[WhiteElo "1954"]
[BlackElo "1953"]
[PlyCount "131"]
[EventDate "2024.09.27"]
[EventType "tourn"]
[EventRounds "1"]
[EventCountry "POL"]
[SourceDate "2024.09.29"]

1. d4 Nf6 2. Nc3 g6 3. e4 d6 4. f3 Nbd7 5. Be3 Bg7 6. Qd2 h5 7. O-O-O c6 8. e5
Nd5 9. Nxd5 cxd5 10. e6 Nb6 11. exf7+ Kxf7 12. Nh3 Nc4 13. Bxc4 dxc4 14. Ng5+
Kg8 15. d5 c3 16. bxc3 Qa5 17. Bd4 Qxa2 18. Qe2 Bxd4 19. Rxd4 Bf5 20. Re1 Rc8
21. Rd3 Rc7 22. Ne6 Bxe6 23. Qxe6+ Kg7 24. Qe4 Rf8 25. Rde3 Rf7 26. Qd4+ Kh7
27. Re6 a5 28. Qd3 Rg7 29. R6e4 a4 30. g4 hxg4 31. Rxg4 Qa3+ 32. Kd2 Qc5 33.
Reg1 e5 34. Rxg6 e4 35. Rxg7+ Rxg7 36. Rxg7+ Kxg7 37. fxe4 a3 38. Qg3+ Kf6 39.
Qf3+ Ke7 40. Qf1 a2 41. Qa1 Qa3 42. h4 Kf7 43. Ke3 Qa7+ 44. Kf3 Kg6 45. c4 Qa3+
46. Kg4 b6 47. h5+ Kh7 48. Kf5 Qh3+ 49. Kf6 Qa3 50. h6 Qa8 51. Ke6 Kxh6 52.
Kxd6 Qa3+ 53. Ke6 Qa8 54. e5 Qe8+ 55. Kd6 Qg6+ 56. e6 Qxc2 57. e7 Qg6+ 58. Kd7
Qf5+ 59. Kd8 Qb1 60. Qh8+ Kg5 61. Qe5+ Kg4 62. e8=Q a1=Q 63. Qg8+ Kf3 64. Qf7+
Kg4 65. Qfg7+ Kf3 66. Qgg3# 1-0

[Event "292nd YMCA Autumn A"]
[Site "Warsaw"]
[Date "2024.10.22"]
[Round "5"]
[White "Borowy, Cezary"]
[Black "Zysko, Jan"]
[Result "0-1"]
[WhiteElo "2007"]
[BlackElo "2112"]
[PlyCount "84"]
[EventDate "2024.09.27"]
[EventType "tourn"]
[EventRounds "1"]
[EventCountry "POL"]
[SourceDate "2024.09.29"]

1. e4 c5 2. Nf3 d6 3. d4 cxd4 4. Qxd4 Nf6 5. Bg5 Nc6 6. Bb5 Bd7 7. Bxc6 Bxc6 8.
Nc3 e6 9. O-O-O Be7 10. Qd3 Qa5 11. Bh4 Qa6 12. Qxa6 bxa6 13. Nd4 Bd7 14. Rhe1
Rc8 15. f3 $11 h6 16. Bg3 $11 O-O 17. Nb3 e5 18. Bh4 g5 19. Bf2 Rc7 20. g4 Be6
21. h4 Kg7 22. hxg5 hxg5 23. Be3 Kg6 24. Rh1 Rd8 25. Nd5 Nxd5 26. exd5 Bd7 27.
Nd2 f5 28. gxf5+ Bxf5 29. c3 Rdc8 30. Rdg1 Rxc3+ 31. bxc3 Rxc3+ 32. Kb2 Rxe3
33. Rh2 Bf6 34. Ne4 Bxe4 35. fxe4 Rxe4 36. Rgh1 g4 37. Rh6+ Kf5 38. R1h5+ Bg5
39. Rxd6 g3 40. Rh1 g2 41. Rg1 Re2+ 42. Kc3 Be3 0-1

[Event "292nd YMCA Autumn A"]
[Site "Warsaw"]
[Date "2024.10.31"]
[Round "5"]
[White "Kaniak, Monika"]
[Black "Kasperkiewicz, Pawel"]
[Result "1/2-1/2"]
[WhiteElo "1862"]
[BlackElo "1858"]
[PlyCount "125"]
[EventDate "2024.09.27"]
[EventType "tourn"]
[EventRounds "1"]
[EventCountry "POL"]
[SourceDate "2024.09.29"]

1. d4 e6 2. c4 b6 3. Nc3 Bb4 4. e4 Bb7 5. f3 f5 6. exf5 Nh6 7. Bxh6 Qh4+ 8. g3
Qxh6 9. Qd2 Qxd2+ 10. Kxd2 O-O 11. Bd3 exf5 12. Rf1 d5 13. Nge2 dxc4 14. Bxc4+
Kh8 15. Nf4 c5 16. d5 Nd7 17. Re1 Nf6 18. Re5 a6 19. a4 Ne8 20. Ne6 Nd6 21. Bd3
Rf7 22. Rhe1 c4 23. Bc2 Rd7 24. Nf4 g6 25. g4 fxg4 26. fxg4 Rf8 27. Ne6 Rf2+
28. Kc1 Re7 29. Nd8 Rxe5 30. Rxe5 Bc8 31. h3 Rf8 32. Ne6 Re8 33. Na2 Ba5 34. b4
cxb3 35. Bxb3 b5 36. Kc2 Bd7 37. axb5 Bxb5 38. h4 Rc8+ 39. Kd1 Kg8 40. Nd4 Re8
41. Rxe8+ Bxe8 42. Ke2 Kf7 43. Kd3 Kf6 44. Nc6 Be1 45. Nab4 a5 46. Na6 Bxh4 47.
Nc5 Bf2 48. Ne4+ Nxe4 49. Kxe4 Bxc6 50. dxc6 Bb6 51. Kf4 Bc7+ 52. Ke4 Kg5 53.
Kf3 h5 54. gxh5 Kxh5 55. Be6 Kg5 56. Bc4 a4 57. Ke3 Kf5 58. Bd3+ Kf6 59. Kd4 g5
60. Be4 g4 61. Kc4 Ke5 62. Bg2 Bd6 63. c7 1/2-1/2

[Event "292nd YMCA Autumn A"]
[Site "Warsaw"]
[Date "2024.10.30"]
[Round "5"]
[White "Choroszej, Aleksander"]
[Black "Mazurek, Jerzy"]
[Result "1/2-1/2"]
[WhiteElo "2070"]
[BlackElo "1890"]
[PlyCount "66"]
[EventDate "2024.09.27"]
[EventType "tourn"]
[EventRounds "1"]
[EventCountry "POL"]
[SourceDate "2024.09.29"]

1. d4 Nf6 2. c4 g6 3. Nc3 Bg7 4. e4 d6 5. f4 O-O 6. Nf3 e5 7. fxe5 dxe5 8. d5
c6 9. Bd3 b5 10. Be3 bxc4 11. Bxc4 Qa5 12. Qd2 Ng4 13. O-O Nxe3 14. Qxe3 Qb6
15. Qxb6 axb6 16. dxc6 Nxc6 17. Ng5 Nd8 18. Nd5 Bh6 19. Nf6+ Kg7 20. Nfxh7 f6
21. Nxf8 Bxg5 22. Rad1 Be3+ 23. Kh1 Bd4 24. Rd3 Kxf8 25. Rxf6+ Kg7 26. Rd6 Nf7
27. Rc6 Ba6 28. Rg3 Bxc4 29. Rcxg6+ Kh7 30. Rg7+ Kh8 31. R7g6 Kh7 32. Rg7+ Kh8
33. R7g6 Kh7 $11 1/2-1/2

[Event "292nd YMCA Autumn A"]
[Site "Warsaw"]
[Date "2024.11.08"]
[Round "5"]
[White "Pietrzak, Wojciech"]
[Black "Basiaga, Sebastian"]
[Result "1-0"]
[WhiteElo "1842"]
[BlackElo "1922"]
[PlyCount "145"]
[EventDate "2024.09.27"]
[EventType "tourn"]
[EventRounds "1"]
[EventCountry "POL"]
[SourceDate "2024.09.29"]

1. e4 e5 2. Nf3 Nc6 3. Bb5 a6 4. Ba4 Nf6 5. O-O b5 6. Bb3 Bc5 7. d3 d6 8. c3 h6
9. h3 O-O 10. Nbd2 Bb6 11. Re1 Ne7 12. Nf1 Ng6 13. Ng3 Re8 14. Bd2 Qe7 15. a4
Bd7 16. Nf5 Qf8 17. a5 Ba7 18. g4 Be6 19. g5 Bxb3 20. Qxb3 hxg5 21. Nxg5 Nh5
22. Qd1 Ngf4 23. d4 g6 24. Ng3 Qh6 25. h4 Nf6 26. Nf3 c5 27. h5 N6xh5 28. dxe5
dxe5 29. Nxh5 Qxh5 30. Bxf4 exf4 31. Nh2 Qg5+ 32. Qg4 Re5 33. Kg2 Qh6 34. Nf3
Rh5 35. Rh1 Rd8 36. Rxh5 Qxh5 37. Qxh5 gxh5 38. Rh1 c4 39. Rxh5 Kg7 40. Rf5 Rd1
41. Ne5 Bb8 42. Rxf7+ Kg8 43. Re7 Bxe5 44. Rxe5 Rd2 45. Re6 Rxb2 46. Rxa6 Rb3
47. Rb6 Rxc3 48. Rxb5 Rb3 49. Rb6 Ra3 50. Rc6 Rxa5 51. Rxc4 Ra3 52. Rc5 f3+ 53.
Kg3 Kf7 54. Rf5+ Ke6 55. Rxf3 Ra8 56. Rf5 Ra2 57. f4 Ra3+ 58. Kg4 Re3 59. e5
Re1 60. Rf6+ Ke7 61. Kf5 Ra1 62. Rh6 Kf8 63. Rh7 Ra4 64. Rb7 Ke8 65. e6 Rc4 66.
Ke5 Ra4 67. f5 Ra6 68. Kf6 Kd8 69. Kf7 Kc8 70. Rd7 Ra5 71. f6 Ra6 72. Rd5 Kb7
73. e7 1-0

[Event "292nd YMCA Autumn A"]
[Site "Warsaw"]
[Date "2024.10.24"]
[Round "5"]
[White "Kowalski, Witold"]
[Black "Bobinski, Lukasz"]
[Result "1/2-1/2"]
[WhiteElo "1983"]
[BlackElo "1909"]
[PlyCount "73"]
[EventDate "2024.09.27"]
[EventType "tourn"]
[EventRounds "1"]
[EventCountry "POL"]
[SourceDate "2024.09.29"]

1. e4 c5 2. Nf3 d6 3. d4 cxd4 4. Nxd4 Nf6 5. Nc3 a6 6. h3 e5 7. Nde2 Be7 8. g4
h6 9. Be3 Be6 10. Bg2 b5 11. Qd2 Nbd7 12. Nd5 Bxd5 13. exd5 Nb6 14. b3 Rc8 15.
Ng3 g6 16. O-O h5 17. g5 Nfd7 18. h4 Bf8 19. f4 Qc7 20. Qf2 exf4 21. Qxf4 Ne5
22. Rae1 Bg7 23. Re2 O-O 24. Bd4 Nbd7 25. Kh1 f6 26. Rd1 fxg5 27. Qxg5 Qd8 28.
Ne4 Qxg5 29. hxg5 Nf7 30. Bh3 Rcd8 31. Bxd7 Rxd7 32. Nf6+ Bxf6 33. Bxf6 Rc7 34.
Rde1 Rc5 35. Rd2 b4 36. Re4 a5 37. Kg2 $11 1/2-1/2

[Event "292nd YMCA Autumn A"]
[Site "Warsaw"]
[Date "2024.10.25"]
[Round "5"]
[White "Flis, Piotr"]
[Black "Pettersson, Alexander"]
[Result "1-0"]
[WhiteElo "1979"]
[BlackElo "1842"]
[PlyCount "71"]
[EventDate "2024.09.27"]
[EventType "tourn"]
[EventRounds "1"]
[EventCountry "POL"]
[SourceDate "2024.09.29"]

1. c4 e6 2. e4 d5 3. cxd5 exd5 4. exd5 Nf6 5. Bb5+ Nbd7 6. Nc3 Be7 7. d4 O-O 8.
Nf3 Nb6 9. h3 Nbxd5 10. O-O Bf5 11. Bg5 c6 12. Bc4 Nb6 13. Bb3 Nfd5 14. Bxe7
Nxe7 15. Re1 Ned5 16. Ne5 f6 17. Nd3 Bxd3 18. Qxd3 Qd7 19. Ne4 Rae8 20. Nc5 Qf7
21. h4 Rxe1+ 22. Rxe1 Re8 23. Rxe8+ Qxe8 24. Nxb7 Qe1+ 25. Qf1 Qe4 26. Qc1 g6
27. Nd6 Qxd4 28. Qxc6 Kg7 29. Ne8+ Kh6 30. Qc1+ g5 31. hxg5+ fxg5 32. Qc6+ Kh5
33. Bxd5 Nxd5 34. Qxd5 Qxb2 35. Qf7+ Kg4 36. Qf3+ 1-0

[Event "292nd YMCA Autumn A"]
[Site "Warsaw"]
[Date "2024.10.31"]
[Round "6"]
[White "Bobinski, Lukasz"]
[Black "Flis, Piotr"]
[Result "1/2-1/2"]
[WhiteElo "1909"]
[BlackElo "1979"]
[PlyCount "42"]
[EventDate "2024.09.27"]
[EventType "tourn"]
[EventRounds "1"]
[EventCountry "POL"]
[SourceDate "2024.09.29"]

1. e4 e5 2. Nf3 Nc6 3. Bb5 a6 4. Ba4 Nf6 5. O-O Be7 6. Bxc6 dxc6 7. d3 Nd7 8.
Nbd2 f6 9. Nc4 Nf8 10. Nh4 Be6 11. Na5 Bc8 12. Kh1 Bb4 13. Nc4 Be6 14. a3 Bc5
15. Qe2 Qd7 16. f4 Bg4 17. Nf3 Ng6 18. fxe5 Nxe5 19. Ncxe5 fxe5 20. Be3 Bd6 21.
Qd2 O-O $11 1/2-1/2

[Event "292nd YMCA Autumn A"]
[Site "Warsaw"]
[Date "2024.10.30"]
[Round "6"]
[White "Basiaga, Sebastian"]
[Black "Kowalski, Witold"]
[Result "1-0"]
[WhiteElo "1922"]
[BlackElo "1983"]
[PlyCount "91"]
[EventDate "2024.09.27"]
[EventType "tourn"]
[EventRounds "1"]
[EventCountry "POL"]
[SourceDate "2024.09.29"]

1. d4 Nf6 2. Nf3 d5 3. c4 e6 4. Nc3 a6 5. cxd5 exd5 6. Bg5 c6 7. e3 Be7 8. Bd3
O-O 9. O-O Re8 10. Qc2 Nbd7 11. Rad1 h6 12. Bh4 Ne4 13. Bxe7 Qxe7 14. Nd2 Ndf6
15. Ndxe4 dxe4 16. Be2 Bf5 17. a3 Rad8 18. b4 Nd5 19. Rfe1 Qg5 20. Qd2 Bh3 21.
g3 h5 22. Nxd5 Rxd5 23. Rc1 h4 24. Rc5 hxg3 25. fxg3 Red8 26. Rxd5 Rxd5 27. Rc1
g6 28. Rc5 Kg7 29. Bc4 Rf5 30. Rxf5 Qxf5 31. Qf2 Kf6 32. Qxf5+ Bxf5 33. d5 Bd7
34. Kf2 Ke7 $11 35. dxc6 Bxc6 36. h4 f6 37. g4 g5 38. h5 Kf8 39. Be6 b6 40. Ke2
Kg7 41. Kd2 Kh6 42. Kc3 Be8 43. Kd4 Bxh5 44. gxh5 Kxh5 45. Kxe4 Kh4 46. Kf3 1-0

[Event "292nd YMCA Autumn A"]
[Site "Warsaw"]
[Date "2024.11.12"]
[Round "6"]
[White "Mazurek, Jerzy"]
[Black "Pietrzak, Wojciech"]
[Result "1-0"]
[WhiteElo "1890"]
[BlackElo "1842"]
[PlyCount "45"]
[EventDate "2024.09.27"]
[EventType "tourn"]
[EventRounds "1"]
[EventCountry "POL"]
[SourceDate "2024.09.29"]

1. e4 e5 2. Nf3 Nc6 3. Bb5 a6 4. Ba4 Nf6 5. O-O b5 6. Bb3 Bc5 7. c3 O-O 8. a4
Bb7 9. d4 Bb6 10. Bg5 h6 11. Bh4 g5 12. dxe5 gxh4 13. exf6 h3 14. e5 hxg2 15.
Qd2 gxf1=Q+ 16. Kxf1 Nxe5 17. Qxh6 Qxf6 18. Qxf6 Nxf3 19. Qg6+ Kh8 20. Qh6+ Kg8
21. Bc2 f5 22. Bb3+ d5 23. Qg6+ 1-0

[Event "292nd YMCA Autumn A"]
[Site "Warsaw"]
[Date "2024.10.29"]
[Round "6"]
[White "Kasperkiewicz, Pawel"]
[Black "Choroszej, Aleksander"]
[Result "0-1"]
[WhiteElo "1858"]
[BlackElo "2070"]
[PlyCount "64"]
[EventDate "2024.09.27"]
[EventType "tourn"]
[EventRounds "1"]
[EventCountry "POL"]
[SourceDate "2024.09.29"]

1. e4 g6 2. Nc3 Bg7 3. f4 c5 4. Nf3 Nc6 5. Bb5 e6 6. Bxc6 bxc6 7. d3 d5 8. O-O
Nf6 9. e5 Nd7 10. b3 O-O 11. Ba3 f6 12. Na4 fxe5 13. fxe5 Nxe5 14. Nxe5 Bxe5
15. Qe2 Bd4+ 16. Kh1 Bxa1 17. Rxa1 Qf6 18. Re1 Qf2 19. Qd1 e5 20. Bxc5 Bg4 21.
Qc1 Qf5 22. Bxf8 Rxf8 23. Qe3 d4 24. Qg1 Qf2 25. h3 Be6 26. c4 Qg3 27. Nc5 Bf5
28. Rd1 Bxh3 29. Ne4 Qh4 30. Qh2 Bxg2+ 31. Kxg2 Qg4+ 32. Ng3 Qxd1 0-1

[Event "292nd YMCA Autumn A"]
[Site "Warsaw"]
[Date "2024.11.19"]
[Round "6"]
[White "Zysko, Jan"]
[Black "Kaniak, Monika"]
[Result "1/2-1/2"]
[WhiteElo "2112"]
[BlackElo "1862"]
[PlyCount "90"]
[EventDate "2024.09.27"]
[EventType "tourn"]
[EventRounds "1"]
[EventCountry "POL"]
[SourceDate "2024.09.29"]

1. d4 d5 2. c4 e6 3. Nc3 Nf6 4. Bg5 Be7 5. e3 O-O 6. Nf3 a6 7. Qc2 h6 8. Bh4
dxc4 9. Bxc4 b5 10. Bd3 Bb7 11. O-O Nbd7 12. a4 b4 13. Ne4 a5 14. Rac1 Bxe4 15.
Bxe4 Nxe4 16. Bxe7 Qxe7 17. Qxe4 c5 18. d5 Nf6 19. Qc4 Nxd5 20. Qxc5 Qxc5 21.
Rxc5 Nb6 22. b3 Nd5 23. Rfc1 Nc3 24. Kf1 Rfc8 25. Rxc8+ Rxc8 26. Nd4 Rc5 27.
Ke1 Nxa4 28. Kd2 Nc3 29. f4 Kf8 30. Kd3 Ke7 31. Rc2 Kd6 32. e4 g5 33. fxg5 hxg5
34. Rf2 Rc7 35. Nf3 f6 36. e5+ fxe5 37. Nxg5 Kd5 38. Rf8 e4+ 39. Kd2 Rd7 40.
Re8 Rd6 41. Ke3 Nd1+ 42. Ke2 Nc3+ 43. Ke3 Nd1+ 44. Ke2 Nc3+ 45. Ke3 Nd1+
1/2-1/2

[Event "292nd YMCA Autumn A"]
[Site "Warsaw"]
[Date "2024.10.29"]
[Round "6"]
[White "Lewandrowski, Tomasz"]
[Black "Borowy, Cezary"]
[Result "0-1"]
[WhiteElo "1954"]
[BlackElo "2007"]
[PlyCount "92"]
[EventDate "2024.09.27"]
[EventType "tourn"]
[EventRounds "1"]
[EventCountry "POL"]
[SourceDate "2024.09.29"]

1. d4 d6 2. Nc3 Nf6 3. e4 c6 4. f3 e5 5. Nge2 Be7 6. Be3 b5 7. a3 O-O 8. d5 a6
9. dxc6 Nxc6 10. g4 Be6 11. Nd5 Bxd5 12. exd5 Na5 13. b3 Rc8 14. Ng3 Nd7 15.
Qd2 Bh4 16. Bd3 g6 17. O-O Nc5 18. Rad1 Nxd3 19. Qxd3 Bf6 20. Ne4 Bg7 21. Rf2
h6 22. Qd2 Kh7 23. g5 h5 24. Nxd6 Nxb3 25. cxb3 Qxd6 26. b4 Rfd8 27. Bc5 Qd7
28. f4 Qg4+ 29. Kh1 exf4 30. Be7 Bc3 31. Qd3 Rd7 32. d6 Rc4 33. Qd5 Qe6 34. Qa8
Re4 35. Rdf1 Qf5 36. Rc2 Re3 37. Rcf2 Be5 38. Qf8 Rd3 39. Qh6+ Kg8 40. Rc1 Qe4+
41. Kg1 Rc3 42. Qf8+ Kh7 43. Qxf7+ Bg7 44. Rcf1 Rd3 45. Rxf4 Qe3+ 46. R4f2
R3xd6 0-1

[Event "292nd YMCA Autumn A"]
[Site "Warsaw"]
[Date "2024.11.08"]
[Round "7"]
[White "Kaniak, Monika"]
[Black "Lewandrowski, Tomasz"]
[Result "1-0"]
[WhiteElo "1862"]
[BlackElo "1954"]
[PlyCount "107"]
[EventDate "2024.09.27"]
[EventType "tourn"]
[EventRounds "1"]
[EventCountry "POL"]
[SourceDate "2024.09.29"]

1. d4 Nf6 2. c4 e6 3. Nc3 Bb4 4. e3 O-O 5. Nf3 b6 6. Bd3 Bb7 7. O-O d5 8. Bd2
c5 9. cxd5 cxd4 10. exd4 Bxc3 11. bxc3 Qxd5 12. Re1 Nbd7 13. Qc2 Rac8 14. Rab1
Rfd8 15. c4 Qd6 16. Bb4 Qf4 17. Bd2 Qd6 18. Bb4 Qc6 19. Qe2 Nf8 20. Be7 Rxd4
21. c5 Rg4 22. h3 Rf4 23. Bb5 Qd5 24. Rbd1 Qh5 25. c6 Ba8 26. a4 Nd5 27. Bd6
Rf6 28. Be5 Rg6 29. Kh2 Bxc6 30. Bxc6 Rxc6 31. Rc1 Ne7 32. Qa6 f6 33. Bg3 Rxc1
34. Rxc1 Qd5 35. Qxa7 Nf5 36. Qxb6 h5 37. Rc5 Qe4 38. Rc8 h4 39. Bd6 Qxa4 40.
Rxf8+ Kh7 41. Qb8 Rh6 42. Bf4 Rh5 43. Rh8+ Kg6 44. Qe8+ Qxe8 45. Rxe8 Kf7 46.
Ra8 g5 47. Bc1 Kg6 48. Ra6 Ng7 49. Nd4 e5 50. Nc6 Kf5 51. Ne7+ Ke4 52. Rxf6 Ne8
53. Rf8 Nc7 54. Rd8 1-0

[Event "292nd YMCA Autumn A"]
[Site "Warsaw"]
[Date "2024.11.08"]
[Round "7"]
[White "Choroszej, Aleksander"]
[Black "Zysko, Jan"]
[Result "1/2-1/2"]
[WhiteElo "2070"]
[BlackElo "2112"]
[PlyCount "120"]
[EventDate "2024.09.27"]
[EventType "tourn"]
[EventRounds "1"]
[EventCountry "POL"]
[SourceDate "2024.09.29"]

1. d4 Nf6 2. c4 d6 3. Nc3 e5 4. Nf3 Nbd7 5. e4 g6 6. Be2 Bg7 7. O-O O-O 8. Re1
Re8 9. Bf1 a6 10. Rb1 exd4 11. Nxd4 c6 12. Bf4 Ne5 13. h3 Nh5 14. Be3 b5 15.
cxb5 axb5 16. f4 Nc4 17. Bxc4 bxc4 18. Nxc6 Qd7 19. Nb4 Bxc3 20. bxc3 Rxe4 21.
Nd5 Bb7 22. Qxh5 Qe6 23. Nf6+ Qxf6 24. Qb5 Rae8 25. Qxb7 Rxe3 26. Rxe3 Rxe3 27.
Qc8+ Kg7 28. Rb8 Re1+ 29. Kf2 Qh4+ 30. g3 Qe7 31. Qh8+ Kh6 32. Qf8+ Qxf8 33.
Rxf8 Rc1 34. Rxf7 Rc2+ 35. Ke1 Rxc3 36. g4 g5 37. fxg5+ Kxg5 38. Rf5+ Kh4 39.
Rd5 Kxh3 40. Rxd6 Kxg4 41. Rh6 Re3+ 42. Kd2 Re7 43. Kc3 Rc7 44. a4 Kg5 45. Rh1
h5 46. Rg1+ Kf4 47. Rh1 Kg4 48. Rg1+ Kf3 49. Rh1 Rc5 50. Kb4 Rg5 51. Kxc4 Kg2
52. Rh4 Kg3 53. Rh1 Rf5 54. Kb4 h4 55. a5 h3 56. a6 Rf2 57. Kb5 Kg2 58. Rxh3
Kxh3 $11 59. a7 Ra2 60. Kb6 Rxa7 1/2-1/2

[Event "292nd YMCA Autumn A"]
[Site "Warsaw"]
[Date "2024.11.05"]
[Round "7"]
[White "Pietrzak, Wojciech"]
[Black "Kasperkiewicz, Pawel"]
[Result "1-0"]
[WhiteElo "1842"]
[BlackElo "1858"]
[PlyCount "45"]
[EventDate "2024.09.27"]
[EventType "tourn"]
[EventRounds "1"]
[EventCountry "POL"]
[SourceDate "2024.09.29"]

1. e4 e6 2. d4 d5 3. Nd2 Nf6 4. e5 Nfd7 5. f4 c5 6. c3 Nc6 7. Ndf3 Nb6 8. Bd3
Bd7 9. Ne2 a5 10. O-O a4 11. g4 cxd4 12. cxd4 h5 13. gxh5 Nc4 14. f5 exf5 15.
Bxc4 dxc4 16. d5 Qb6+ 17. Kh1 O-O-O 18. Qxa4 Nb4 19. Qa8+ Kc7 20. d6+ Bxd6 21.
exd6+ Kxd6 22. Qa3 Ra8 23. Qc3 1-0

[Event "292nd YMCA Autumn A"]
[Site "Warsaw"]
[Date "2024.11.08"]
[Round "7"]
[White "Kowalski, Witold"]
[Black "Mazurek, Jerzy"]
[Result "1/2-1/2"]
[WhiteElo "1983"]
[BlackElo "1890"]
[PlyCount "61"]
[EventDate "2024.09.27"]
[EventType "tourn"]
[EventRounds "1"]
[EventCountry "POL"]
[SourceDate "2024.09.29"]

1. e4 c5 2. Nf3 d6 3. d4 cxd4 4. Nxd4 Nf6 5. Nc3 Nc6 6. Bg5 e6 7. Qd2 a6 8.
O-O-O Bd7 9. f4 Be7 10. Kb1 Nxd4 11. Qxd4 Bc6 12. Be2 Qa5 13. Bf3 O-O 14. g4
Rac8 15. Bh4 Nxe4 16. Bxe4 Bxh4 17. g5 Bxe4 18. Nxe4 d5 19. Ng3 Rc4 20. Qe5 Qc7
21. Qxc7 Rxc7 22. Ne2 Bf2 23. Rhf1 Bc5 24. f5 Rfc8 25. fxe6 fxe6 26. Nf4 Be3
27. Nxe6 Rxc2 28. a3 R2c6 29. Nd4 Bxd4 30. Rxd4 Rd8 31. Rf5 $11 1/2-1/2

[Event "292nd YMCA Autumn A"]
[Site "Warsaw"]
[Date "2024.11.06"]
[Round "7"]
[White "Flis, Piotr"]
[Black "Basiaga, Sebastian"]
[Result "1/2-1/2"]
[WhiteElo "1979"]
[BlackElo "1922"]
[PlyCount "43"]
[EventDate "2024.09.27"]
[EventType "tourn"]
[EventRounds "1"]
[EventCountry "POL"]
[SourceDate "2024.09.29"]

1. e4 e5 2. Nf3 Nf6 3. Nxe5 d6 4. Nf3 Nxe4 5. Bd3 Nf6 6. O-O Be7 7. Re1 O-O 8.
Bf1 d5 9. d4 h6 10. c4 dxc4 11. Bxc4 Nbd7 12. h3 Bd6 13. Nc3 c6 14. Ne5 Nb6 15.
Bd3 Re8 16. Qf3 Be6 17. Bf4 Nbd5 18. Bd2 Bf8 19. Ne2 Bb4 20. Nc3 Bf8 21. Ne2
Bb4 22. Nc3 1/2-1/2

[Event "292nd YMCA Autumn A"]
[Site "Warsaw"]
[Date "2024.11.07"]
[Round "7"]
[White "Pettersson, Alexander"]
[Black "Bobinski, Lukasz"]
[Result "1-0"]
[WhiteElo "1842"]
[BlackElo "1909"]
[PlyCount "97"]
[EventDate "2024.09.27"]
[EventType "tourn"]
[EventRounds "1"]
[EventCountry "POL"]
[SourceDate "2024.09.29"]

1. d4 Nf6 2. c4 e6 3. Nf3 c5 4. d5 d6 5. Nc3 exd5 6. cxd5 g6 7. e4 a6 8. a4 Bg4
9. Be2 Bxf3 10. Bxf3 Nbd7 11. O-O Bg7 12. Bf4 Qe7 13. Re1 O-O 14. Qd2 Rfe8 15.
h3 h5 16. a5 Rab8 17. Reb1 b5 18. axb6 Rxb6 19. Qd3 Rc8 20. Qc4 Ra8 21. Qf1 Ne5
22. Be2 Nfd7 23. Rxa6 Raxa6 24. Bxa6 g5 25. Bg3 g4 26. Be2 gxh3 27. gxh3 h4 28.
Bf4 Ng6 29. Bd2 Qf6 30. Qc1 $11 Nde5 31. Kg2 Qd8 32. Ra1 Qb8 33. f4 Nd7 34. Ra2
Bd4 35. Bg4 Nf6 36. Bf3 Rb7 37. Qa1 Kh7 38. Ra8 $11 Qc7 39. Bc1 Qe7 40. Qa5
Nxf4+ 41. Bxf4 Rxb2+ 42. Ne2 Rxe2+ 43. Bxe2 Qxe4+ 44. Bf3 Qxf4 45. Qe1 Qg5+ 46.
Kh1 Qf5 47. Qxh4+ Kg6 48. Rg8+ Nxg8 49. Be4 1-0

[Event "292nd YMCA Autumn A"]
[Site "Warsaw"]
[Date "2024.11.14"]
[Round "8"]
[White "Gluszko, Monika"]
[Black "Bobinski, Lukasz"]
[Result "0-1"]
[WhiteElo "1953"]
[BlackElo "1909"]
[PlyCount "64"]
[EventDate "2024.09.27"]
[EventType "tourn"]
[EventRounds "1"]
[EventCountry "POL"]
[SourceDate "2024.09.29"]

1. e4 c5 2. Nf3 d6 3. d4 cxd4 4. Nxd4 Nf6 5. Nc3 a6 6. f3 e5 7. Nb3 Be6 8. Be3
Be7 9. Qd2 h5 10. O-O-O Nbd7 11. Qf2 Rc8 12. Kb1 Rxc3 13. bxc3 Qc7 14. c4 Bxc4
15. Bxc4 Qxc4 16. Qf1 Qc7 17. Qe1 O-O 18. Qa5 Qc6 19. Rd3 Rc8 20. Rc1 b5 21.
Bd2 Nb6 22. Qxa6 Rb8 23. Be3 Nfd7 24. Na5 Qc7 25. Ka1 Na4 26. Qc6 Qxa5 27. Qxd7
Ra8 28. Ra3 Qb4 29. Rb3 Nc3 30. Rxc3 Qxc3+ 31. Kb1 Qb4+ 32. Ka1 Qa3 0-1